Жизнь и подвиг Елены Келлер (Запись № 1008528)

Подробности
000 -МАРКЕР
контрольное поле 01868nam0a2200385 4500
001 - ИДЕНТИФИКАТОР ЗАПИСИ
контрольное поле RU\NLR\bibl\178183
005 - ИДЕНТИФИКАТОР ВЕРСИИ
контрольное поле 20260408215230.0
021 ## - НОМЕР ГОСУДАРСТВЕННОЙ РЕГИСТРАЦИИ
Код страны российская федерация
Номер 2001-24332
Номер Листа государственной регистраци 1154
035 ## - ДРУГИЕ СИСТЕМНЫЕ НОМЕРА
Идентификатор записи (NLR Aleph) 000174871
100 ## - ДАННЫЕ ОБЩЕЙ ОБРАБОТКИ
Данные общей обработки 20010803d2001 |||y0rusy50 ca
101 0# - ЯЗЫК РЕСУРСА
Язык текста, звукозаписи и т.д. русский
102 ## - СТРАНА ПУБЛИКАЦИИ ИЛИ ПРОИЗВОДСТВА
Страна публикации российская федерация
105 ## - ПОЛЕ КОДИРОВАННЫХ ДАННЫХ: ТЕКСТОВЫЕ МАТЕРИАЛЫ, МОНОГРАФИЧЕСКИЕ
Кодированные данные о монографическом текстовом документе y ac||||||b
200 1# - ЗАГЛАВИЕ И СВЕДЕНИЯ ОБ ОТВЕТСТВЕННОСТИ
Основное заглавие Жизнь и подвиг Елены Келлер
Сведения, относящиеся к заглавию биобиблиографический указатель
Первые сведения об ответственности Российская государственная библиотека для слепых, Отдел тифлобиблиографии
Последующие сведения об ответственности [составитель Н. Д. Шапошникова]
210 ## - ПУБЛИКАЦИЯ, РАСПРОСТРАНЕНИЕ И ДР.
Место издания, распространения и т.д. Москва
Имя издателя, распространителя и т. д. [б.и.]
Дата издания, распространения и т.д. 2001
215 ## - ФИЗИЧЕСКАЯ ХАРАКТЕРИСТИКА
Специфическое обозначение материала и объем 31,[1] с.
Размеры 20
600 #1 - ИМЯ ЛИЦА КАК ПРЕДМЕТ
Начальный элемент ввода Келлер
Расширение инициалов личного имени Елена
Часть имени, кроме начального элемента ввода Е.
Даты 1880 - 1968
Формальный подзаголовок Биобиблиография
Идентификатор авторитетной/нормативной записи RU\NLR\AUTH\6695502
Системный номер авторитетной/нормативной записи 1065101
600 #1 - ИМЯ ЛИЦА КАК ПРЕДМЕТ
Начальный элемент ввода Келлер
Часть имени, кроме начального элемента ввода Х. А.
Расширение инициалов личного имени Хелен Адамс
Даты 1880 - 1968
Формальный подзаголовок Биобиблиография
Идентификатор авторитетной/нормативной записи RU\NLR\AUTH\6601751211
Системный номер авторитетной/нормативной записи 2663184
606 0# - НАИМЕНОВАНИЕ ТЕМЫ КАК ПРЕДМЕТ
Наименование темы Слепоглухонемые
Формальный подзаголовок Библиография
Тематический подзаголовок Воспитание и обучение
Системный номер авторитетной/нормативной записи 987555
Идентификатор авторитетной/нормативной записи RU\NLR\auth\66372581
610 0# - НЕКОНТРОЛИРУЕМЫЕ ПРЕДМЕТНЫЕ ТЕРМИНЫ
Предметный термин Слепые - Биобиблиографические пособия
610 0# - НЕКОНТРОЛИРУЕМЫЕ ПРЕДМЕТНЫЕ ТЕРМИНЫ
Предметный термин Глухие - Биобиблиографические пособия
675 ## - УНИВЕРСАЛЬНАЯ ДЕСЯТИЧНАЯ КЛАССИФИКАЦИЯ (UDC/УДК)
Индекс 016:027.6:364.65-056.262
Издание 3
Язык издания rus
686 ## - ИНДЕКСЫ ДРУГИХ КЛАССИФИКАЦИЙ
Индекс Ш5(7США)6-4Келлер
686 ## - ИНДЕКСЫ ДРУГИХ КЛАССИФИКАЦИЙ
Индекс Ч434
686 ## - ИНДЕКСЫ ДРУГИХ КЛАССИФИКАЦИЙ
Индекс Ч491.08
701 #1 - ИМЯ ЛИЦА - АЛЬТЕРНАТИВНАЯ ОТВЕТСТВЕННОСТЬ
Начальный элемент ввода Шапошникова
Часть имени, кроме начального элемента ввода Н. Д.
Код отношения Автор
711 02 - НАИМЕНОВАНИЕ ОРГАНИЗАЦИИ - АЛЬТЕРНАТИВНАЯ ОТВЕТСТВЕННОСТЬ
Начальный элемент ввода Российская государственная библиотека для слепых
Идентификатор авторитетной/нормативной записи RU\NLR\AUTH\889940066
Системный номер авторитетной/нормативной записи 374967
801 #0 - ИСТОЧНИК ЗАПИСИ
Страна российская федерация
Организация RKP
Дата составления 20010803
Правила каталогизации PSBO
801 #1 - ИСТОЧНИК ЗАПИСИ
Страна российская федерация
Организация RKP
Дата составления 20010803
801 #2 - ИСТОЧНИК ЗАПИСИ
Страна российская федерация
Организация NLR
Дата составления 20030129
Правила каталогизации rcr
942 ## - ДОПОЛНИТЕЛЬНЫЕ ЭЛЕМЕНТЫ ЗАПИСИ (АБИС)
Тип экземпляра АБИС Книга
980 ## - КОЛЛЕКЦИЯ
Название коллекции Национальная библиография
Экземпляры
Тип экземпляра Дата поступления Источник поступления Библиотека постоянного хранения Библиотека текущего хранения Место хранения Шифр хранения Штрих-код Статус не для выдачи
Книга 21.08.2001 Обязательный экземпляр РНБ (Московский) РНБ (Московский) Центральная справочная библиотека С 2001-1/8504 1-1729030  
Книга 21.08.2001 Обязательный экземпляр РНБ (Московский) РНБ (Московский) Центральная справочная библиотека С 2001-1/8504 1-1729031